000 00916nam a22002057a 4500
003 OSt
005 20250117164951.0
008 250117b |||||||| |||| 00| 0 eng d
020 _a978-81-969136-2-5
037 _cTB
040 _aCRL
_bhin
_cCRL
041 _ahin
100 _aत्रिपाठी , प्रयाग नारायण
245 _aभारत का कर्तव्य पथ
_bराम राज्य
_cप्रयाग नारायण त्रिपाठी
260 _aगाजियाबाद , भारत
_bप्रवासी प्रेम पब्लिशिंग
_c2024
300 _a270पृ0
650 _2धरम
942 _2CC
_cTB
_hQ224 152R4
_n0
999 _c1238194
_d1238194